Plan de reforma administrativa 1978-1982

Guardado en:
Bibliografiske detaljer
Institution som forfatter: Costa Rica. Ministerio de la Presidencia. Oficina de Planificación Nacional y Política Económica
Format: Texto
Udgivet: San José: OFIPLAN
Udgivelse:4
Tags: Tilføj Tag
Ingen Tags, Vær først til at tagge denne postø!

MARC

LEADER 00000 a a2200000 04500
001 15937
003
040 |a CRAI/IIS  |c CRAI/IIS 
090 |a 016300  
110 |a Costa Rica. Ministerio de la Presidencia. Oficina de Planificación Nacional y Política Económica  
245 |a Plan de reforma administrativa 1978-1982  
250 |a 4  
260 |a San José:   |b OFIPLAN  
300 |a 8; 29 p  
999 |c 4490  |d 4490